000 00695cab a2200193 4500
001 WB2647-35
008 090401t1990 xxu||||| |||| 00| 0 eng d
035 _a(Sirsi) u35494
041 _aeng
245 _aDischarge of injunction
260 _c1990
350 _a0
490 _aTimes
_v28/11/90 p37
520 _aSherry v Sherry CA 14 November 1990. Concerns the sale of property by the husband after an injunction had been issued preventing the sale but which could be set aside if made with the intention to defeat the wife`s claim for financial relief.
650 _aMATRIMONIAL CAUSES ACT 1973
690 _aPROPERTY LAW AND PRACTICE-CASE LAW
942 _n0
948 _c04/03/1997
999 _c23231
_d23231